| 000 | 00000nam##2200000za#4500 |
| 001 | 9.625832 |
| 003 | CaOODSP |
| 005 | 20200706134933 |
| 007 | ta |
| 008 | 150406|2001||||xxc||||| f|0| 0 fre|d |
| 020 | |a0-660-96605-0 |
| 022 | |a1200-5231 |
| 040 | |aCaOODSP|bfre |
| 043 | |an-cn--- |
| 086 | 1 |aCS11-0019/178F |
| 245 | 03|aLe rendement scolaire des enfants d'immigrants au Canada, 1994-98 / |cpar Christopher Worswick. |
| 260 | |aOttawa - Ontario : |bStatistique Canada. |c2001. |
| 300 | |a30p. ; |c28 cm. |
| 490 | 1 |aDocuments de recherche|x1200-5231|vN° 178 |
| 500 | |a«Le rendement scolaire des enfants d'immigrants dans le réseau d'enseignement du Canada est analysé à l'aide des données des trois premiers cycles de l'Enquête longitudinale nationale sur les enfants et les jeunes. Le rendement scolaire est mesuré sous l'angle des capacités de lecture et de rédaction, des aptitudes en mathématiques et des aptitudes globales.»--Résumé. |
| 520 | 3 |aLe rendement scolaire des enfants d'immigrants dans le réseau d'enseignement du Canada est analysé à l'aide des données des trois premiers cycles de l'Enquête longitudinale nationale sur les enfants et les jeunes. Le rendement scolaire est mesuré sous l'angle des capacités de lecture et de rédaction, des aptitudes en mathématiques et des aptitudes globales.--Résumé |
| 563 | |aCouverture souple |
| 590 | |a01-48|b2001-11-30 |
| 710 | 2 |aStatistique Canada. |bDirection des études analytiques. |
| 776 | 0#|tLe rendement scolaire des enfants d'immigrants au Canada, 1994-98 / |w(CaOODSP)9.590990 |
| 830 | #0|aDocuments de recherche,|x1200-5231|vN° 178|w(CaOODSP)9.512877 |